| 000 | 01351cam a2200217 4500 | ||
|---|---|---|---|
| 001 | ABS66626 | ||
| 008 | 030416n2003 000 0 eng u | ||
| 035 | _a(Sirsi) u122011 | ||
| 245 | _aBown v SoS Transport | ||
| 260 | _c2003 | ||
| 490 |
_aEstates Gazette Case Summaries _v[2003] 15 EG 137 (CS) (1) |
||
| 520 | _aQBD, 26 March 2003. Challenge by claimant B against the respondent inspector's decision to grant planning permission to construct roadworks on environmentally sensitive land. B claimed the marsh should have been treated as a designated area of special protection or conservation in accordance with Directive 79/409/EEC and that the inspector failed to apply the Conservation (Natural Habitats, Etc.) Regulations 1994 Reg 44 in respect of the otters. "Held": claim dismissed. The marsh had not been identified as a potential special protection or conservation area so the inspector was not required to treat it as such and the inspector had correctly considered the conditions with regards to Reg 44. | ||
| 590 | _aABS | ||
| 650 | _aBOWN V SOS TRANSPORT | ||
| 650 | _aCONSERVATION (NATURAL HABITATS, ETC) REGULATIONS 1994 | ||
| 650 | _aENVIRONMENTALLY SENSITIVE AREA | ||
| 650 | _aPLANNING PERMISSION | ||
| 650 | _aWILDLIFE CONSERVATION | ||
| 690 | _aENVIRONMENTAL AND LAND CONSULTANCY-PLANNING AND DEVELOPMENT | ||
| 942 | _n0 | ||
| 999 |
_c72507 _d72507 |
||